000 00375nam a2200157 i 4500
001 bg
100 1 _aBANYŚ, Kazimierz
245 0 _aMaszynoznawstwo w prefabrykacji budowlanej /
_cK. Banyś.
250 _aWyd.2.
260 _aWarszawa,
_c1976.
040 _cBPK
041 _apol
080 _a69.002.5+69.057
942 _cKS
008 s pl f |000 0 pol
999 _c5049
_d5049
856 _uhttp://koha.tu.koszalin.pl/cgi-bin/koha/opac-detail.pl?biblionumber=5049
_yKatalog online BPK